Piłka nożna quiz #195 - Kariera klubowa - Harry Kane - Statystyki

Ogólne statystyki
  • Ten quiz został rozwiązany 297 razy
  • Średni wynik to 3 z 6
Statystyki odpowiedzi
Lata gry Klub % Poprawnych
2023 - obecnie Bayern Monachium
99%
2010 - 2023 Tottenham Hotspur
94%
2013 Leicester City
42%
2012 - 2013 Norwich City
23%
2012 Millwall
10%
2011 Leyton Orient
7%
Nie znaleziono quizów pasujących do podanych kryteriów
Rozkład punktacji
Procent ludzi z każdym wynikiem
Percentyl według liczby udzielonych odpowiedzi
Twoja historia wyników
Nie rozwiązałeś tego quizu